Statistiques concernant Culture Générale - Série 1036

Cliquez ici pour prendre le quiz!

Statistiques générales

  • Ce quiz a été pris 54 fois
  • Le résultat moyen est 7 sur 10

Statistiques - réponses

Question Réponse % Correct
Sur quel continent se trouve le Swaziland ?Afrique
98%
Dans quel pays se trouve la ville de Vladivostok ?Russie
94%
Quel célèbre gentleman cambrioleur fut créé par Maurice Leblanc ?Arsène Lupin
92%
A quel groupe britannique doit-on les tubes : "We Will Rock You" et, vingt ans plus tard, "You Don't Fool Me" ?Queen
80%
En 1879, Jules Verne publie un roman intitulé "Les Tribulations d'un Chinois en...Chine
69%
Quel mot de quatre lettres désigne un prêtre de l'Église orthodoxe slave ?pope
69%
Quelle mer borde le nord de l'Iran ?mer Caspienne
53%
Quel est le prénom de l'aventurier Bob Morane, héros de bande dessinée imaginé par Henri Vernes ?Robert
49%
En 1748, quel philosophe français ridiculise les esclavagistes dans son ouvrage "De l'esprit des lois" ?Montesquieu
43%
Quel groupe de musiciens était composé de René, Éric, Rémy, Framboisier et Bernard Minet ?Les Musclés
43%

Distribution des résultats

Percentile par nombre de réponses

% des personnes avec chaque résultat

Votre développement - résultats

Vous n’avez pas pris ce quiz